Book for you
Gorde:
| Egile nagusia: | |
|---|---|
| Formatua: | Liburua |
| Hizkuntza: | Undetermined |
| Argitaratua: |
Washington, Estados Unidos
Square
[s.f.]
|
| Gaiak: | |
| Etiketak: |
Etiketa erantsi
Etiketarik gabe, Izan zaitez lehena erregistro honi etiketa jartzen!
|
MARC
| LEADER | 00000nam a2200000Ia 4500 | ||
|---|---|---|---|
| 008 | 170316s9999 xx 000 0 und d | ||
| 999 | |c 5426 |d 5426 | ||
| 040 | |a cru BVZT | ||
| 090 | |a 810 A-6b | ||
| 100 | |a Alm, Richard | ||
| 245 | |a Book for you |c / Richard, Alm | ||
| 260 | |a Washington, Estados Unidos |b Square |c [s.f.] | ||
| 300 | |a 344 páginas | ||
| 650 | |a LITERATURA ESTADOUNIDENSE |9 25 | ||
| 942 | |c 15 D |h 810 A-6b |2 z | ||
